Representación que varios individuos de la apital de Estado de Jalisco, amantes del progreso y mejoras materiales del país, drijen al soberano Congreso constituyente, en favor del artículo 15 del proyecto de Constitución /

Un grupo de ciudadanos jaliscienses, quienes firman esta representación, solicitan al Congreso Constituyente, que preparaba la que fue la Constitución de 1857, que se respete la libertad de culto, refiriéndose de manera especial al culto católico, practicado por todos los fimantes.

Gespeichert in:
Bibliographische Detailangaben
Weitere Verfasser: Blancarte, Joaquin (autor) (autor)
Format: Buch
Sprache:Spanisch
Veröffentlicht: Guadalajara, México : Tipografía de Brambila, 1856
Schlagworte:
Tags: Tag hinzufügen
Keine Tags, Fügen Sie das erste Tag hinzu!

MARC

LEADER 00000nam^a2200000^a^4500
001 000572739
005 20250526000000.0
009 20260310132315.25
037 |a Acervo ITESO - Biblioteca 
041 |a ESP 
082 |a 972. 046  |b REP 
245 0 0 |a Representación que varios individuos de la apital de Estado de Jalisco, amantes del progreso y mejoras materiales del país, drijen al soberano Congreso constituyente, en favor del artículo 15 del proyecto de Constitución /  |c J. Blancarte... [et al.]. 
264 1 |a Guadalajara, México :  |b Tipografía de Brambila,  |c 1856 
300 |a 11 p. ;  |c 20.5 cm. 
336 |a texto  |b txt  |2 rdacontenido 
337 |a sin mediación  |b n  |2 rdamedio 
338 |a volumen  |b nc  |2 rdasoporte 
520 |a Un grupo de ciudadanos jaliscienses, quienes firman esta representación, solicitan al Congreso Constituyente, que preparaba la que fue la Constitución de 1857, que se respete la libertad de culto, refiriéndose de manera especial al culto católico, practicado por todos los fimantes. 
649 |a XX 
650 |a Iglesia Católica en México -  |x Historia 
650 |a Constitución, 1857 -  |z México -  |x Historia -  |x Tema Principal 
650 |a Constitucionalismo -  |z México -  |x Historia 
650 |a Liberalismo -  |z México -  |x Historia 
650 |a Libertad Religiosa -  |z México -  |x Historia -  |y Siglo XIX -  |x Tema Principal 
650 |a Derecho Constitucional -  |z México -  |x Historia 
650 |a Derecho -  |z México -  |x Historia 
650 |a Política y Religión -  |z México -  |x Historia 
650 |a Política -  |z México -  |x Historia -  |y Constitución y Reforma, 1855-1863 
650 |a Política -  |z México -  |x Historia -  |y Siglo XIX 
650 |a Catolicismo -  |z México -  |x Historia -  |y Siglo XIX 
650 |a Cristianismo -  |z México -  |x Historia -  |y Siglo XIX 
650 |a Religión -  |z México -  |x Historia -  |y Siglo XIX 
650 |a México -  |x Historia Constitucional -  |x Tema Principal 
650 |a México -  |x Historia -  |y Constitución y Reforma, 1855-1863 
650 |a México -  |x Historia -  |y Siglo XIX 
700 |a Blancarte, Joaquin  |e (autor) 
910 |a Fondo Salvador Reynoso Reynoso 
920 |a Impresos - Libros 
930 |a Libros Antiguos y Raros 
905 |a 108 
901 |a 0500402869  |b IT2  |c LRA  |i D  |u 20250526 
902 |a https://opac.biblio.iteso.mx/vufind/Record/000572739